Can you spell Pneumonoultramicroscopicsilicovolcanoconiosis - Statistics

General Stats
  • This quiz has been taken 290 times
  • The average score is 40 of 45
Answer Stats
Answer % Correct
n
100%
P
100%
e
99%
u
99%
m
96%
n
96%
o
96%
o
95%
l
94%
u
94%
a
93%
c
93%
i
93%
m
93%
o
93%
r
93%
r
93%
t
93%
s
92%
c
90%
o
90%
c
89%
i
89%
p
89%
s
88%
c
87%
i
87%
i
87%
l
87%
o
87%
v
86%
o
85%
c
83%
l
83%
a
82%
n
81%
o
80%
c
79%
o
79%
n
77%
i
76%
i
74%
o
74%
s
74%
s
74%
No matching quizzes found
Score Distribution
Percent of People with Each Score
Percentile by Number Answered
Your Score History
You have not taken this quiz